| 000 | 00985nam a22001937a 4500 | ||
|---|---|---|---|
| 999 |
_c59517 _d59517 |
||
| 003 | Ge_BSU | ||
| 005 | 20230307123003.0 | ||
| 008 | 230307s1998 ge ||||| |||| 00| 0 geo d | ||
| 041 | _ageo | ||
| 080 | _a343.24 ფ-26 | ||
| 100 |
_aფარტენაძე, ომარ _92270 |
||
| 245 |
_aსისხლის სამართლებრივი სასჯელის აღსრულება : _b(მიზნები და ეფექტურობა) / _cომარ ფარტენაძე; [რედ.: ვაჟა ხახუტაიშვილი]. |
||
| 264 |
_aბათუმი : _bბათუმის უნ-ტი, _c1998. |
||
| 300 |
_a164გვ. ; _b 20სმ. |
||
| 653 | _aსისხლის ლებრივი სასჯელის აღსრულება | ||
| 653 | _aსამართალი | ||
| 700 |
_aხახუტაიშვილი, ვაჟა _eრედაქტორი _917129 |
||
| 942 |
_2udc _cBK |
||